| 000 | 00493nam a2200181Ia 4500 | ||
|---|---|---|---|
| 001 | 11206 | ||
| 005 | 20260306161929.0 | ||
| 008 | 260306t2024||||xx |||||||||||||| ||spa|| | ||
| 041 | _aESP | ||
| 082 |
_a985.019 _bD289 T. 4 |
||
| 100 |
_aDuviols, Pierre, _eAUT |
||
| 245 | 0 |
_aEscritos de historia andina : _b"extirpación de idolatrías" y teatro de la muerte del inca |
|
| 260 | _c2024 | ||
| 300 |
_a406 páginas : _c21 cm. |
||
| 650 | _aGEN | ||
| 654 | _aCHU | ||
| 942 |
_cLIB _dJUS _fJUS _2ddc _n |
||
| 999 |
_c11206 _d11206 |
||